Nayl al-mārib bi-sharḥ Dalīl al-ṭālib
محفوظ في:
المؤلف الرئيسي:
مؤلفون آخرون:
التنسيق: كتاب
اللغة: Undetermined
منشور في:
Miṣr
Maṭbaʻat ʻAlī Ṣubiḥ
1374 [1954].
الموضوعات:
الوسوم: إضافة وسم
لا توجد وسوم, كن أول من يضع وسما على هذه التسجيلة!
رقم الطلب: BP88 .K37 T3442 v.1-2
| LEADER | 00526nam a2200157Ia 4500 | ||
|---|---|---|---|
| 008 | 231106s9999||||xx |||||||||||||| ||und|| | ||
| 050 | 4 | |a BP88 .K37 T3442 v.1-2 | |
| 100 | 1 | |a Taghlabī, ʻAbd al-Qādir ibn ʻUmar, 1642 or 1643-1722 or 1723. | |
| 245 | 1 | 0 | |a Nayl al-mārib bi-sharḥ Dalīl al-ṭālib |
| 264 | 1 | |a Miṣr |b Maṭbaʻat ʻAlī Ṣubiḥ |c 1374 [1954]. | |
| 300 | |a 2 volumes in 1. |c 25 cm. | ||
| 650 | 4 | |a Hanbalites. | |
| 650 | 4 | |a Islamic law. | |
| 700 | 1 | |a Sulaymān, Rushdi al-Sayyid . | |
| 942 | |2 lcc |c BK | ||
| 999 | |c 54985 |d 54985 | ||
